[Event "6th Cesme Open-A 2018"]
[Site "Cesme"]
[Date "2018.06.30"]
[Round "8.4"]
[White "Sadikhov, Ulvi Ramil Oglu"]
[Black "Sumets, Andrey"]
[Result "1/2-1/2"]
[WhiteElo "2484"]
[BlackElo "2575"]
[Annotator "ChessBase"]
[PlyCount "59"]
[EventDate "2018.06.26"]
[EventType "swiss"]
[EventCountry "TUR"]
[SourceTitle "playchess.com"]
[Source "ChessBase"]
[SourceQuality "1"]
[TimeControl "5400+30"]

1. e4 {[%emt 0:00:30]} c6 {[%emt 0:02:30]} 2. c4 {[%emt 0:01:30]} e5 {[%emt 0:01:30]} 3. Nf3 {[%emt 0:00:00]} d6 {[%emt 0:00:00]} 4. Nc3 {[%emt 0:01:00]} c5 {[%emt 0:09:00]} 5. g3 {[%emt 0:05:30]} Nc6 {[%emt 0:00:30]} 6. Bg2 {[%emt 0:00:30]} g6 {[%emt 0:00:00]} 7. d3 {[%emt 0:05:30]} h5 {[%emt 0:03:00]} 8. Nd5 {[%emt 0:02:30]} Bh6 {[%emt 0:05:30]} 9. Bxh6 {[%emt 0:03:30]} Nxh6 {[%emt 0:01:30]} 10. Qd2 {[%emt 0:02:30]} a5 {[%emt 0:09:30]} 11. a3 {[%emt 0:00:30]} Ng8 {[%emt 0:04:30]} 12. O-O {[%emt 0:01:30]} Nf6 {[%emt 0:03:30]} 13. b4 {[%emt 0:22:30]} axb4 {[%emt 0:04:30]} 14. axb4 {[%emt 0:04:30]} Rxa1 {[%emt 0:00:00]} 15. Rxa1 {[%emt 0:00:30]} Nxd5 {[%emt 0:06:00]} 16. cxd5 {[%emt 0:17:30]} Nxb4 {[%emt 0:02:30]} 17. Ra8 {[%emt 0:00:30]} O-O {[%emt 0:00:30]} 18. Bh3 {[%emt 0:00:30]} Qf6 {[%emt 0:00:00]} 19. Ng5 {[%emt 0:00:00]} Nxd3 {[%emt 0:04:00]} 20. Rxc8 {[%emt 0:02:00]} Rxc8 {[%emt 0:00:30]} 21. Bxc8 {[%emt 0:00:00]} c4 {[%emt 0:04:30]} 22. h4 {[%emt 0:08:01]} Qe7 {[%emt 0:01:30]} 23. Qa5 {[%emt 0:03:13]} Qf6 {[%emt 0:02:30]} 24. f3 {[%emt 0:00:46]} Qe7 {[%emt 0:01:30]} 25. Kf1 {[%emt 0:00:49]} b5 {[%emt 0:02:30]} 26. Qa8 {[%emt 0:01:52]} Kg7 {[%emt 0:02:30]} 27. Be6 {[%emt 0:05:06]} fxe6 {[%emt 0:00:30]} 28. Nxe6+ {[%emt 0:00:30]} Kh7 {[%emt 0:00:30]} 29. Ng5+ {[%emt 0:00:37]} Kg7 {[%emt 0:00:30]} 30. Ne6+ {[%emt 0:00:00]} 1/2-1/2

[Event "6th Cesme Open-A 2018"]
[Site "Cesme"]
[Date "2018.06.30"]
[Round "8.5"]
[White "Barsov, Alexei"]
[Black "Yilmazyerli, Mert"]
[Result "1/2-1/2"]
[WhiteElo "2371"]
[BlackElo "2491"]
[Annotator "ChessBase"]
[PlyCount "26"]
[EventDate "2018.06.26"]
[EventType "swiss"]
[EventCountry "TUR"]
[SourceTitle "playchess.com"]
[Source "ChessBase"]
[SourceQuality "1"]
[TimeControl "5400+30"]

1. d4 {[%emt 0:02:30]} Nf6 {[%emt 0:02:30]} 2. c4 {[%emt 0:00:30]} c5 {[%emt 0:00:30]} 3. d5 {[%emt 0:00:30]} e6 {[%emt 0:00:00]} 4. Nc3 {[%emt 0:00:30]} exd5 {[%emt 0:00:00]} 5. cxd5 {[%emt 0:00:00]} d6 {[%emt 0:00:00]} 6. e4 {[%emt 0:00:00]} g6 {[%emt 0:00:00]} 7. Bd3 {[%emt 0:00:00]} Bg7 {[%emt 0:00:30]} 8. h3 {[%emt 0:00:00]} O-O {[%emt 0:00:00]} 9. Nf3 {[%emt 0:00:00]} b5 {[%emt 0:00:00]} 10. Nxb5 {[%emt 0:00:00]} Re8 {[%emt 0:00:00]} 11. O-O {[%emt 0:10:30]} Nxe4 {[%emt 0:00:00]} 12. Re1 {[%emt 0:01:30]} a6 {[%emt 0:01:30]} 13. Na3 {[%emt 0:02:30]} Nf6 {[%emt 0:00:30]} 1/2-1/2

[Event "6th Cesme Open-A 2018"]
[Site "Cesme"]
[Date "2018.06.30"]
[Round "8.6"]
[White "Malakhatko, Vadim"]
[Black "Bashirli, Nail Qoshqar"]
[Result "1-0"]
[WhiteElo "2499"]
[BlackElo "2385"]
[Annotator "ChessBase"]
[PlyCount "83"]
[EventDate "2018.06.26"]
[EventType "swiss"]
[EventCountry "TUR"]
[SourceTitle "playchess.com"]
[Source "ChessBase"]
[SourceQuality "1"]
[TimeControl "5400+30"]

1. d4 {[%emt 0:00:30]} Nf6 {[%emt 0:08:30]} 2. c4 {[%emt 0:00:30]} e6 {[%emt 0:00:00]} 3. Nf3 {[%emt 0:00:00]} c5 {[%emt 0:02:00]} 4. d5 {[%emt 0:00:00]} b5 {[%emt 0:00:00]} 5. dxe6 {[%emt 0:03:30]} fxe6 {[%emt 0:00:00]} 6. cxb5 {[%emt 0:00:30]} d5 {[%emt 0:00:00]} 7. g3 {[%emt 0:00:00]} Bd6 {[%emt 0:00:00]} 8. Bg2 {[%emt 0:00:00]} O-O {[%emt 0:00:30]} 9. O-O {[%emt 0:00:30]} a6 {[%emt 0:00:30]} 10. bxa6 {[%emt 0:00:00]} Nc6 {[%emt 0:00:30]} 11. b3 {[%emt 0:00:00]} Bxa6 {[%emt 0:05:30]} 12. Bb2 {[%emt 0:02:30]} Qe7 {[%emt 0:02:30]} 13. Re1 {[%emt 0:03:30]} Rab8 {[%emt 0:13:30]} 14. Nbd2 {[%emt 0:01:30]} e5 {[%emt 0:00:30]} 15. e4 {[%emt 0:00:30]} Nb4 {[%emt 0:08:30]} 16. exd5 {[%emt 0:01:30]} Nd3 {[%emt 0:02:30]} 17. Qc2 {[%emt 0:00:30]} Nxe1 {[%emt 0:01:30]} 18. Rxe1 {[%emt 0:01:30]} Nxd5 {[%emt 0:01:30]} 19. a3 {[%emt 0:30:30]} Nf6 {[%emt 0:06:30]} 20. Nxe5 {[%emt 0:03:30]} Qc7 {[%emt 0:07:30]} 21. Ndc4 {[%emt 0:06:30]} Rbe8 {[%emt 0:03:30]} 22. f4 {[%emt 0:12:30]} Bxc4 {[%emt 0:04:30]} 23. Qxc4+ {[%emt 0:02:30]} Kh8 {[%emt 0:00:00]} 24. Bc3 {[%emt 0:02:30]} Re7 {[%emt 0:02:00]} 25. Rd1 {[%emt 0:05:30]} Bxe5 {[%emt 0:06:30]} 26. fxe5 {[%emt 0:04:26]} Nd7 {[%emt 0:02:30]} 27. e6 {[%emt 0:00:08]} Ne5 {[%emt 0:01:30]} 28. Qd5 {[%emt 0:00:05]} Ng4 {[%emt 0:01:30]} 29. Qe4 {[%emt 0:09:22]} Nf6 {[%emt 0:04:31]} 30. Qc4 {[%emt 0:00:16]} Qc8 {[%emt 0:04:37]} 31. Bh3 {[%emt 0:01:19]} Qe8 {[%emt 0:00:45]} 32. Rf1 {[%emt 0:01:40]} Qh5 {[%emt 0:00:37]} 33. Bf5 {[%emt 0:00:41]} Qg5 {[%emt 0:02:07]} 34. Kg2 {[%emt 0:02:51]} Kg8 {[%emt 0:05:07]} 35. h4 {[%emt 0:00:20]} Qe3 {[%emt 0:01:14]} 36. Rf3 {[%emt 0:01:50]} Qc1 {[%emt 0:01:27]} 37. Qxc5 {[%emt 0:01:12]} Rfe8 {[%emt 0:00:15]} 38. Rf1 {[%emt 0:01:17]} Qh6 {[%emt 0:00:22]} 39. Qd4 {[%emt 0:00:35]} Qh5 {[%emt 0:01:44]} 40. g4 {[%emt 0:01:14]} Nxg4 {[%emt 0:02:36]} 41. Qxg4 {[%emt 0:00:18]} Qh6 {[%emt 0:00:25]} 42. Qg5 {[%emt 0:00:21]} 1-0

[Event "6th Cesme Open-A 2018"]
[Site "Cesme"]
[Date "2018.06.30"]
[Round "8.7"]
[White "Sari, Yasin"]
[Black "Oleksienko, Mikhailo"]
[Result "0-1"]
[WhiteElo "2330"]
[BlackElo "2604"]
[Annotator "ChessBase"]
[PlyCount "106"]
[EventDate "2018.06.26"]
[EventType "swiss"]
[EventCountry "TUR"]
[SourceTitle "playchess.com"]
[Source "ChessBase"]
[SourceQuality "1"]
[TimeControl "5400+30"]

1. Nf3 {[%emt 0:00:30]} Nf6 {[%emt 0:00:30]} 2. c4 {[%emt 0:00:00]} e6 {[%emt 0:00:30]} 3. d4 {[%emt 0:00:00]} b6 {[%emt 0:00:30]} 4. e3 {[%emt 0:00:30]} Bb4+ {[%emt 0:00:30]} 5. Bd2 {[%emt 0:01:30]} Be7 {[%emt 0:02:30]} 6. Bd3 {[%emt 0:01:30]} Bb7 {[%emt 0:00:00]} 7. Nc3 {[%emt 0:01:30]} d5 {[%emt 0:00:00]} 8. cxd5 {[%emt 0:03:30]} exd5 {[%emt 0:00:30]} 9. Qc2 {[%emt 0:02:30]} O-O {[%emt 0:01:30]} 10. g4 {[%emt 0:06:30]} Na6 {[%emt 0:03:30]} 11. a3 {[%emt 0:02:30]} c5 {[%emt 0:00:30]} 12. g5 {[%emt 0:03:30]} Ne4 {[%emt 0:00:30]} 13. Nxe4 {[%emt 0:02:30]} dxe4 {[%emt 0:00:00]} 14. Bxe4 {[%emt 0:00:30]} Bxe4 {[%emt 0:00:00]} 15. Qxe4 {[%emt 0:00:30]} cxd4 {[%emt 0:00:30]} 16. Qxd4 {[%emt 0:00:30]} Bxg5 {[%emt 0:00:30]} 17. Qxd8 {[%emt 0:13:30]} Bxd8 {[%emt 0:00:30]} 18. Bc3 {[%emt 0:02:30]} Nc5 {[%emt 0:00:30]} 19. Ke2 {[%emt 0:01:30]} Be7 {[%emt 0:00:30]} 20. b4 {[%emt 0:11:30]} Ne4 {[%emt 0:02:30]} 21. Bd4 {[%emt 0:00:30]} Rfc8 {[%emt 0:00:00]} 22. Rhc1 {[%emt 0:01:30]} f6 {[%emt 0:00:00]} 23. Nd2 {[%emt 0:02:30]} Nd6 {[%emt 0:04:30]} 24. Kd3 {[%emt 0:04:30]} Kf7 {[%emt 0:00:30]} 25. Nb3 {[%emt 0:04:30]} f5 {[%emt 0:04:30]} 26. f3 {[%emt 0:02:30]} g6 {[%emt 0:03:30]} 27. a4 {[%emt 0:04:30]} Rab8 {[%emt 0:04:30]} 28. b5 {[%emt 0:07:12]} Rxc1 {[%emt 0:06:30]} 29. Rxc1 {[%emt 0:00:57]} Rc8 {[%emt 0:00:00]} 30. Rxc8 {[%emt 0:07:02]} Nxc8 {[%emt 0:00:00]} 31. e4 {[%emt 0:01:35]} Ke6 {[%emt 0:03:30]} 32. Nd2 {[%emt 0:01:21]} Nd6 {[%emt 0:04:30]} 33. Nc4 {[%emt 0:01:05]} fxe4+ {[%emt 0:05:30]} 34. fxe4 {[%emt 0:00:30]} Nxc4 {[%emt 0:00:30]} 35. Kxc4 {[%emt 0:00:30]} Bd6 {[%emt 0:00:00]} 36. h3 {[%emt 0:03:01]} g5 {[%emt 0:14:00]} 37. a5 {[%emt 0:00:44]} Bc7 {[%emt 0:00:30]} 38. Kd3 {[%emt 0:02:36]} h5 {[%emt 0:05:30]} 39. Ke2 {[%emt 0:00:31]} Be5 {[%emt 0:02:30]} 40. Be3 {[%emt 0:00:36]} bxa5 {[%emt 0:00:00]} 41. Bxa7 {[%emt 0:02:01]} a4 {[%emt 0:00:00]} 42. Bc5 {[%emt 0:00:15]} Kd7 {[%emt 0:02:30]} 43. Kd3 {[%emt 0:00:26]} g4 {[%emt 0:00:30]} 44. hxg4 {[%emt 0:00:31]} hxg4 {[%emt 0:01:30]} 45. Ke2 {[%emt 0:03:31]} Ke6 {[%emt 0:01:30]} 46. Kd3 {[%emt 0:00:32]} Bd6 {[%emt 0:06:30]} 47. Be3 {[%emt 0:00:30]} a3 {[%emt 0:00:30]} 48. b6 {[%emt 0:00:24]} a2 {[%emt 0:01:30]} 49. Bd4 {[%emt 0:00:03]} g3 {[%emt 0:00:30]} 50. Ke2 {[%emt 0:01:22]} g2 {[%emt 0:00:00]} 51. Kf2 {[%emt 0:00:14]} Bc5 {[%emt 0:00:00]} 52. Bxc5 {[%emt 0:00:54]} a1=Q {[%emt 0:00:30]} 53. Kxg2 {[%emt 0:00:00]} Qe5 {[%emt 0:00:30]} 0-1

[Event "6th Cesme Open-A 2018"]
[Site "Cesme"]
[Date "2018.06.30"]
[Round "8.8"]
[White "Zeynalli, Rashad Hamza"]
[Black "Danin, Alexandre"]
[Result "1-0"]
[WhiteElo "2295"]
[BlackElo "2539"]
[Annotator "ChessBase"]
[PlyCount "181"]
[EventDate "2018.06.26"]
[EventType "swiss"]
[EventCountry "TUR"]
[SourceTitle "playchess.com"]
[Source "ChessBase"]
[SourceQuality "1"]
[TimeControl "5400+30"]

1. e4 {[%emt 0:00:30]} e6 {[%emt 0:00:30]} 2. d4 {[%emt 0:00:30]} d5 {[%emt 0:00:00]} 3. Nc3 {[%emt 0:00:30]} Nf6 {[%emt 0:00:00]} 4. e5 {[%emt 0:00:30]} Nfd7 {[%emt 0:00:30]} 5. f4 {[%emt 0:00:00]} c5 {[%emt 0:00:30]} 6. Nf3 {[%emt 0:00:00]} Nc6 {[%emt 0:03:30]} 7. Be3 {[%emt 0:00:00]} cxd4 {[%emt 0:00:30]} 8. Nxd4 {[%emt 0:00:00]} Bc5 {[%emt 0:00:30]} 9. Qd2 {[%emt 0:00:00]} O-O {[%emt 0:00:00]} 10. O-O-O {[%emt 0:01:00]} a6 {[%emt 0:00:00]} 11. Nb3 {[%emt 0:00:00]} b6 {[%emt 0:00:00]} 12. g4 {[%emt 0:03:00]} Qe7 {[%emt 0:06:00]} 13. Rg1 {[%emt 0:01:30]} Bb7 {[%emt 0:04:30]} 14. Rg3 {[%emt 0:02:30]} Bxe3 {[%emt 0:07:30]} 15. Qxe3 {[%emt 0:02:30]} Nc5 {[%emt 0:00:30]} 16. Rh3 {[%emt 0:02:30]} f6 {[%emt 0:13:30]} 17. exf6 {[%emt 0:03:30]} Qxf6 {[%emt 0:01:30]} 18. Nxc5 {[%emt 0:02:30]} bxc5 {[%emt 0:00:30]} 19. Bd3 {[%emt 0:02:30]} g6 {[%emt 0:05:30]} 20. f5 {[%emt 0:02:30]} c4 {[%emt 0:11:30]} 21. Qh6 {[%emt 0:03:30]} Qg7 {[%emt 0:02:30]} 22. Qxg7+ {[%emt 0:03:30]} Kxg7 {[%emt 0:00:30]} 23. Bxc4 {[%emt 0:03:30]} Ne5 {[%emt 0:11:30]} 24. fxg6 {[%emt 0:03:30]} Nxg6 {[%emt 0:00:30]} 25. Bd3 {[%emt 0:02:30]} Rf2 {[%emt 0:03:30]} 26. Re1 {[%emt 0:04:30]} Re8 {[%emt 0:01:30]} 27. Rh5 {[%emt 0:03:30]} Bc6 {[%emt 0:05:30]} 28. b4 {[%emt 0:03:30]} Rf4 {[%emt 0:03:34]} 29. b5 {[%emt 0:05:30]} axb5 {[%emt 0:00:48]} 30. Nxb5 {[%emt 0:02:30]} Bxb5 {[%emt 0:04:43]} 31. Bxb5 {[%emt 0:00:30]} Re7 {[%emt 0:00:12]} 32. h3 {[%emt 0:04:30]} Kf6 {[%emt 0:02:04]} 33. a4 {[%emt 0:05:30]} Rf2 {[%emt 0:02:15]} 34. Bd3 {[%emt 0:02:30]} Rf4 {[%emt 0:00:54]} 35. Bb5 {[%emt 0:05:30]} Rf3 {[%emt 0:05:15]} 36. h4 {[%emt 0:05:30]} Rf4 {[%emt 0:01:08]} 37. Rf1 {[%emt 0:01:30]} Rxf1+ {[%emt 0:03:02]} 38. Bxf1 {[%emt 0:00:30]} Ra7 {[%emt 0:00:30]} 39. Bb5 {[%emt 0:00:30]} Kg7 {[%emt 0:00:30]} 40. g5 {[%emt 0:01:30]} Ne5 {[%emt 0:00:37]} 41. Rh6 {[%emt 0:01:09]} Re7 {[%emt 0:00:00]} 42. Rf6 {[%emt 0:00:55]} Nf7 {[%emt 0:00:08]} 43. Bd3 {[%emt 0:02:24]} h6 {[%emt 0:02:01]} 44. Rg6+ {[%emt 0:01:27]} Kh8 {[%emt 0:00:01]} 45. gxh6 {[%emt 0:01:10]} Ne5 {[%emt 0:00:30]} 46. Rg7 {[%emt 0:00:30]} Nxd3+ {[%emt 0:00:30]} 47. cxd3 {[%emt 0:00:00]} Re8 {[%emt 0:00:00]} 48. Ra7 {[%emt 0:04:50]} Rb8 {[%emt 0:00:31]} 49. Kc2 {[%emt 0:02:50]} Rb4 {[%emt 0:00:39]} 50. Kc3 {[%emt 0:01:17]} Rxh4 {[%emt 0:00:06]} 51. d4 {[%emt 0:01:17]} Rh3+ {[%emt 0:00:56]} 52. Kb4 {[%emt 0:01:30]} Rd3 {[%emt 0:00:05]} 53. Kc5 {[%emt 0:00:40]} Rc3+ {[%emt 0:00:01]} 54. Kd6 {[%emt 0:01:32]} Rd3 {[%emt 0:00:20]} 55. Kc5 {[%emt 0:01:35]} Rc3+ {[%emt 0:00:01]} 56. Kd6 {[%emt 0:02:17]} Rd3 {[%emt 0:00:03]} 57. Kxe6 {[%emt 0:00:21]} Rxd4 {[%emt 0:00:06]} 58. Ke5 {[%emt 0:01:18]} Rd1 {[%emt 0:03:07]} 59. Rd7 {[%emt 0:01:36]} Ra1 {[%emt 0:00:30]} 60. Ra7 {[%emt 0:00:00]} Rd1 {[%emt 0:00:00]} 61. Rb7 {[%emt 0:01:01]} d4 {[%emt 0:00:11]} 62. Rb4 {[%emt 0:00:31]} d3 {[%emt 0:00:18]} 63. Kd4 {[%emt 0:00:40]} Kh7 {[%emt 0:00:43]} 64. Kc3 {[%emt 0:00:38]} Kxh6 {[%emt 0:00:30]} 65. Rd4 {[%emt 0:00:00]} Kg6 {[%emt 0:01:56]} 66. Rxd3 {[%emt 0:00:00]} Ra1 {[%emt 0:01:08]} 67. Kb4 {[%emt 0:00:17]} Kf6 {[%emt 0:00:22]} 68. Re3 {[%emt 0:00:11]} Rb1+ {[%emt 0:01:06]} 69. Kc5 {[%emt 0:00:54]} Rc1+ {[%emt 0:00:00]} 70. Kb6 {[%emt 0:00:30]} Rb1+ {[%emt 0:00:00]} 71. Ka6 {[%emt 0:00:00]} Rd1 {[%emt 0:01:25]} 72. a5 {[%emt 0:00:00]} Rb1 {[%emt 0:00:13]} 73. Ka7 {[%emt 0:00:09]} Kf7 {[%emt 0:00:30]} 74. a6 {[%emt 0:00:00]} Rb2 {[%emt 0:00:00]} 75. Ka8 {[%emt 0:00:10]} Rb1 {[%emt 0:00:14]} 76. a7 {[%emt 0:00:30]} Rb2 {[%emt 0:00:00]} 77. Rh3 {[%emt 0:00:00]} Ke7 {[%emt 0:00:00]} 78. Rh8 {[%emt 0:00:00]} Kd6 {[%emt 0:00:08]} 79. Rb8 {[%emt 0:00:00]} Ra2 {[%emt 0:00:41]} 80. Kb7 {[%emt 0:00:29]} Rb2+ {[%emt 0:00:00]} 81. Kc8 {[%emt 0:00:39]} Rc2+ {[%emt 0:00:00]} 82. Kd8 {[%emt 0:02:18]} Rh2 {[%emt 0:00:00]} 83. Rb6+ {[%emt 0:00:45]} Kc5 {[%emt 0:00:00]} 84. Rc6+ {[%emt 0:00:22]} Kxc6 {[%emt 0:00:11]} 85. a8=Q+ {[%emt 0:00:30]} Kc5 {[%emt 0:00:00]} 86. Qc8+ {[%emt 0:00:00]} Kd4 {[%emt 0:00:37]} 87. Qg4+ {[%emt 0:00:00]} Kd5 {[%emt 0:00:19]} 88. Qf5+ {[%emt 0:00:00]} Kc6 {[%emt 0:00:05]} 89. Qe6+ {[%emt 0:00:23]} Kb7 {[%emt 0:00:30]} 90. Qd7+ {[%emt 0:00:00]} Ka8 {[%emt 0:00:00]} 91. Qc6+ {[%emt 0:00:00]} 1-0

[Event "6th Cesme Open-A 2018"]
[Site "Cesme"]
[Date "2018.06.30"]
[Round "8.9"]
[White "Sanal, Vahap"]
[Black "Guseynov, Alihan"]
[Result "1-0"]
[WhiteElo "2510"]
[BlackElo "2341"]
[Annotator "ChessBase"]
[PlyCount "81"]
[EventDate "2018.06.26"]
[EventType "swiss"]
[EventCountry "TUR"]
[SourceTitle "playchess.com"]
[Source "ChessBase"]
[SourceQuality "1"]
[TimeControl "5400+30"]

1. d4 {[%emt 0:04:30]} Nf6 {[%emt 0:01:30]} 2. Nf3 {[%emt 0:00:30]} e6 {[%emt 0:02:30]} 3. c4 {[%emt 0:00:30]} c5 {[%emt 0:00:30]} 4. g3 {[%emt 0:00:30]} cxd4 {[%emt 0:00:30]} 5. Nxd4 {[%emt 0:00:00]} a6 {[%emt 0:05:30]} 6. Bg2 {[%emt 0:00:00]} Qc7 {[%emt 0:00:30]} 7. Nc3 {[%emt 0:00:30]} Qxc4 {[%emt 0:01:30]} 8. O-O {[%emt 0:01:30]} Nc6 {[%emt 0:05:30]} 9. Nb3 {[%emt 0:02:30]} d5 {[%emt 0:02:30]} 10. Bf4 {[%emt 0:19:30]} Be7 {[%emt 0:01:30]} 11. a3 {[%emt 0:07:30]} a5 {[%emt 0:01:30]} 12. Rc1 {[%emt 0:04:30]} Qa6 {[%emt 0:00:30]} 13. a4 {[%emt 0:02:30]} O-O {[%emt 0:03:30]} 14. Nb5 {[%emt 0:00:30]} Qb6 {[%emt 0:00:30]} 15. Bc7 {[%emt 0:00:30]} Qa6 {[%emt 0:00:30]} 16. Nc5 {[%emt 0:05:30]} Bxc5 {[%emt 0:00:30]} 17. Rxc5 {[%emt 0:00:30]} Bd7 {[%emt 0:29:30]} 18. Bd6 {[%emt 0:06:30]} Rfc8 {[%emt 0:02:30]} 19. Nc7 {[%emt 0:01:30]} Qa7 {[%emt 0:01:30]} 20. Nxa8 {[%emt 0:00:30]} Ne8 {[%emt 0:00:30]} 21. Nb6 {[%emt 0:09:30]} Qxb6 {[%emt 0:00:30]} 22. Rb5 {[%emt 0:00:30]} Qa6 {[%emt 0:01:30]} 23. Bc5 {[%emt 0:01:30]} Ne5 {[%emt 0:08:30]} 24. Rb6 {[%emt 0:01:30]} Qa8 {[%emt 0:00:30]} 25. Qd4 {[%emt 0:03:30]} Nc4 {[%emt 0:01:30]} 26. Rb3 {[%emt 0:00:30]} e5 {[%emt 0:05:30]} 27. Qxd5 {[%emt 0:01:30]} Be6 {[%emt 0:00:30]} 28. Qxb7 {[%emt 0:00:30]} Qxb7 {[%emt 0:00:30]} 29. Rxb7 {[%emt 0:00:00]} Rxc5 {[%emt 0:00:00]} 30. Rc1 {[%emt 0:00:00]} Rc8 {[%emt 0:11:09]} 31. b3 {[%emt 0:01:30]} Ned6 {[%emt 0:06:38]} 32. Ra7 {[%emt 0:00:30]} Nb6 {[%emt 0:00:26]} 33. Rxc8+ {[%emt 0:01:30]} Ndxc8 {[%emt 0:00:09]} 34. Rxa5 {[%emt 0:01:30]} Bxb3 {[%emt 0:00:04]} 35. Bc6 {[%emt 0:00:30]} f6 {[%emt 0:00:59]} 36. Rc5 {[%emt 0:00:30]} Bc4 {[%emt 0:03:33]} 37. a5 {[%emt 0:02:30]} Bxe2 {[%emt 0:00:08]} 38. Bb7 {[%emt 0:00:30]} Bg4 {[%emt 0:00:48]} 39. Rc6 {[%emt 0:00:30]} Bf3 {[%emt 0:02:10]} 40. axb6 {[%emt 0:01:30]} Bxc6 {[%emt 0:00:30]} 41. Bxc8 {[%emt 0:00:30]} 1-0

[Event "6th Cesme Open-A 2018"]
[Site "Cesme"]
[Date "2018.06.30"]
[Round "8.10"]
[White "Haznedaroglu, Kivanc"]
[Black "Charkhalashvili, Inga"]
[Result "0-1"]
[WhiteElo "2472"]
[BlackElo "2325"]
[Annotator "ChessBase"]
[PlyCount "72"]
[EventDate "2018.06.26"]
[EventType "swiss"]
[EventCountry "TUR"]
[SourceTitle "playchess.com"]
[Source "ChessBase"]
[SourceQuality "1"]
[TimeControl "5400+30"]

1. c4 {[%emt 0:04:30]} e5 {[%emt 0:01:30]} 2. Nc3 {[%emt 0:00:00]} Nc6 {[%emt 0:00:30]} 3. g3 {[%emt 0:00:00]} g6 {[%emt 0:00:00]} 4. Bg2 {[%emt 0:00:30]} Bg7 {[%emt 0:00:00]} 5. e3 {[%emt 0:00:00]} Nge7 {[%emt 0:00:30]} 6. Nge2 {[%emt 0:00:00]} d6 {[%emt 0:00:30]} 7. O-O {[%emt 0:00:00]} O-O {[%emt 0:01:30]} 8. Rb1 {[%emt 0:00:00]} Bf5 {[%emt 0:03:30]} 9. d3 {[%emt 0:00:30]} Qd7 {[%emt 0:00:00]} 10. b4 {[%emt 0:02:30]} Bh3 {[%emt 0:01:00]} 11. Bxh3 {[%emt 0:03:30]} Qxh3 {[%emt 0:00:30]} 12. b5 {[%emt 0:00:00]} Nd8 {[%emt 0:00:30]} 13. Nd5 {[%emt 0:00:00]} Qd7 {[%emt 0:00:30]} 14. Nec3 {[%emt 0:00:30]} Ne6 {[%emt 0:03:30]} 15. Bb2 {[%emt 0:01:30]} Nf5 {[%emt 0:08:30]} 16. Ne4 {[%emt 0:05:30]} Qd8 {[%emt 0:00:30]} 17. Qf3 {[%emt 0:03:30]} Rc8 {[%emt 0:05:30]} 18. Ba3 {[%emt 0:04:30]} Kh8 {[%emt 0:07:30]} 19. Rfc1 {[%emt 0:09:30]} Nh6 {[%emt 0:06:30]} 20. Nd2 {[%emt 0:14:30]} f5 {[%emt 0:00:30]} 21. Qe2 {[%emt 0:00:30]} c6 {[%emt 0:04:30]} 22. bxc6 {[%emt 0:00:30]} bxc6 {[%emt 0:00:30]} 23. Nc3 {[%emt 0:00:30]} Rf7 {[%emt 0:00:00]} 24. Bb2 {[%emt 0:01:30]} g5 {[%emt 0:08:00]} 25. Nb3 {[%emt 0:05:30]} g4 {[%emt 0:01:30]} 26. d4 {[%emt 0:00:30]} Ng5 {[%emt 0:01:30]} 27. dxe5 {[%emt 0:03:30]} dxe5 {[%emt 0:00:30]} 28. Rd1 {[%emt 0:01:30]} Qf8 {[%emt 0:02:30]} 29. Kh1 {[%emt 0:09:30]} f4 {[%emt 0:03:30]} 30. exf4 {[%emt 0:10:30]} exf4 {[%emt 0:00:30]} 31. Rd2 {[%emt 0:00:30]} Re8 {[%emt 0:00:30]} 32. Qd1 {[%emt 0:00:30]} fxg3 {[%emt 0:02:30]} 33. fxg3 {[%emt 0:03:12]} Nh3 {[%emt 0:01:30]} 34. Qc1 {[%emt 0:00:38]} Rf2 {[%emt 0:00:30]} 35. Qd1 {[%emt 0:07:49]} Re1+ {[%emt 0:00:30]} 36. Qxe1 {[%emt 0:00:03]} Qf3# {[%emt 0:00:00]} 0-1

[Event "6th Cesme Open-A 2018"]
[Site "Cesme"]
[Date "2018.06.30"]
[Round "8.11"]
[White "Odeev, Handszar"]
[Black "Agdelen, Huseyin Can"]
[Result "1/2-1/2"]
[WhiteElo "2415"]
[BlackElo "2276"]
[Annotator "NA"]
[PlyCount "64"]
[EventDate "2018.06.26"]
[EventType "swiss"]
[EventCountry "TUR"]
[SourceTitle "playchess.com"]
[Source "ChessBase"]
[SourceQuality "1"]
[TimeControl "5400+30"]

1. e4 {[%emt 0:11:30]} c5 {[%emt 0:00:30]} 2. Nf3 {[%emt 0:00:30]} d6 {[%emt 0:00:00]} 3. d4 {[%emt 0:00:30]} cxd4 {[%emt 0:00:00]} 4. Nxd4 {[%emt 0:00:30]} Nf6 {[%emt 0:00:00]} 5. Nc3 {[%emt 0:00:00]} a6 {[%emt 0:00:00]} 6. Bd3 {[%emt 0:01:00]} e5 {[%emt 0:06:30]} 7. Nde2 {[%emt 0:03:30]} Be7 {[%emt 0:01:30]} 8. O-O {[%emt 0:00:30]} O-O {[%emt 0:00:30]} 9. Ng3 {[%emt 0:09:30]} Be6 {[%emt 0:20:30]} 10. h3 {[%emt 0:02:30]} Nbd7 {[%emt 0:06:30]} 11. Be3 {[%emt 0:05:30]} Rc8 {[%emt 0:03:30]} 12. f4 {[%emt 0:09:30]} Re8 {[%emt 0:09:30]} 13. f5 {[%emt 0:11:30]} Bc4 {[%emt 0:00:30]} 14. Qe2 {[%emt 0:00:00]} Bxd3 {[%emt 0:01:30]} 15. Qxd3 {[%emt 0:00:00]} Qa5 {[%emt 0:04:30]} 16. a3 {[%emt 0:05:30]} b5 {[%emt 0:02:30]} 17. Rfd1 {[%emt 0:01:30]} Rc6 {[%emt 0:05:30]} 18. Nf1 {[%emt 0:05:30]} Rec8 {[%emt 0:00:30]} 19. Bf2 {[%emt 0:01:30]} Qc7 {[%emt 0:03:30]} 20. Qf3 {[%emt 0:05:30]} Qb7 {[%emt 0:02:30]} 21. Rd3 {[%emt 0:02:30]} a5 {[%emt 0:01:30]} 22. Ne3 {[%emt 0:02:30]} Nc5 {[%emt 0:02:30]} 23. Rdd1 {[%emt 0:03:53]} b4 {[%emt 0:01:30]} 24. axb4 {[%emt 0:00:30]} axb4 {[%emt 0:00:00]} 25. Ncd5 {[%emt 0:00:00]} Ncxe4 {[%emt 0:01:00]} 26. Be1 {[%emt 0:02:27]} b3 {[%emt 0:04:30]} 27. cxb3 {[%emt 0:02:04]} Bd8 {[%emt 0:00:30]} 28. Nxf6+ {[%emt 0:01:26]} Nxf6 {[%emt 0:00:00]} 29. Rxd6 {[%emt 0:00:25]} e4 {[%emt 0:01:00]} 30. Qd1 {[%emt 0:00:24]} Rxd6 {[%emt 0:00:30]} 31. Qxd6 {[%emt 0:00:04]} Qxb3 {[%emt 0:00:30]} 32. Qa3 {[%emt 0:03:07]} Be7 {[%emt 0:07:31]} 1/2-1/2